000 00647nam a2200181Ia 4500
008 190427s9999 xx 000 0 und d
100 _aZhou Wangyue
245 _aE-Supply chain intergation Adoption: Examination of Buyer-Supplier Relationships/
245 _cWangyue Zhou, Alain Yee Loong Chong, Cao Zhen, and Haijun Bao.--
260 _bTaylor and Francis Group
260 _c2018
300 _apages 58-65, 2018
440 _aJournal of Computer Inforamation System
_v58(1)
650 _aBuyer-Supplyer Relationship
650 _aE-Supply chain integration
650 _aResource-dependece Theory
650 _aTransaction Cost Theory
999 _c361712
_d361712